000 00927nam a2200217Ia 4500
999 _c41933
_d41933
001 8617
003 GE_BSU
005 20240524173552.0
008 181216s2008||||ge |||||||||||||| ||geo||
020 _a9789941123917
040 _cGE_BSU
041 _ageo
080 _a81'0(075.8) ჭ-97
100 _aჭყონია, ნოდარ
_97852
245 _aენის წარმოშობის საიდუმლოებანი :
_bსახელმძღვანელო ჰუმანიტ. სპეც. სტუდ. /
_cნოდარ ჭყონია.
264 _aთბილისი :
_bუნივერსალი,
_c2008.
300 _a135 გვ. ;
_c20 სმ.
520 _aრეზიუმე რუსულ და ინგლისურ ენებზე
653 _aენის წარმოშობის საიდუმლოებანი
942 _cBK
_2udc